logo

Bir Sreshtho Munshi Abdur Rouf Library
Jhenaidah Cadet College

The Riverside Spelling Program / (Record no. 5636)

MARC details
000 -LEADER
fixed length control field 00599nam a2200229 a 4500
001 - CONTROL NUMBER
JCCL Control Number 5636
003 - CONTROL NUMBER IDENTIFIER
JCCL marc code BD-JhCC
005 - DATE AND TIME OF LATEST TRANSACTION
control field 20171219104558.0
008 - FIXED-LENGTH DATA ELEMENTS--GENERAL INFORMATION
fixed length control field 171219s1984 as a|||| ||a| 00| 0 eng d
020 ## - INTERNATIONAL STANDARD BOOK NUMBER
International Standard Book Number 0829245936
035 ## - SYSTEM CONTROL NUMBER
system control number (BD-JhCC)5636
040 ## - CATALOGING SOURCE
Original cataloging agency BD-JhCC
Modifying agency BD-JhCC
041 ## - LANGUAGE CODE
Language code of Book eng
082 ## - DEWEY DECIMAL CLASSIFICATION NUMBER
Classification number 7030
Author mark and Year WAL 1984
100 ## - MAIN ENTRY--PERSONAL NAME
Personal name Wallace, Eunice Ewer
245 ## - TITLE STATEMENT
Title The Riverside Spelling Program /
Statement of responsibility, etc Eunice Ewer Wallace
260 ## - PUBLICATION, DISTRIBUTION, ETC. (IMPRINT)
Place of publication, distribution, etc U. S A. :
Name of publisher, distributor, etc The Reverside Publishing Company,
Date of publication, distribution, etc 1984.
300 ## - PHYSICAL DESCRIPTION
Pagination 192 p. :
Other physical details ills;
Dimensions 26 cm.
650 ## - SUBJECT ADDED ENTRY--TOPICAL TERM
Topical term or geographic name as entry element Spellers
942 ## - ADDED ENTRY ELEMENTS (KOHA)
Source of classification or shelving scheme Dewey Decimal Classification
Koha item type Books
Holdings
Source of classification or shelving scheme Damaged status Not for loan Home library Current library Shelving location Total Checkouts Full call number Barcode Date last seen Copy number Koha item type
Dewey Decimal Classification     JCC Rouf Library JCC Rouf Library General Stacks   7030 WAL 1984 7030 12/19/2017 C - 1 Books

JCC Library | Contacts | JCC Home

Last Update on 23 September 2017
Copyright @ 2017-2020 JCC Rouf Library
Rouf Library, Jhenidah Cadet College (JCC), Bangladesh